000
00280nam a22001217a 4500
008
181126b xxu||||| |||| 00| 0 eng d
041
_a
eng
080
_a
610.073
100
_a
3
101
_a
INF
245
_a
Nursing Care Of Infacts And Children
_c
Wong.W
942
_2
udc
_c
BK
999
_c
52475
_d
52475